[Event "SLO-chT2 East"]
[Site "Slovenia"]
[Date "2016.10.01"]
[Round "2"]
[White "Mohr, Pablo"]
[Black "Maklin, Joze"]
[Result "1/2-1/2"]
[WhiteElo "1705"]
[BlackElo "1696"]
[PlyCount "47"]
[EventDate "2016.09.24"]
[EventType "team-tourn"]
[EventRounds "9"]
[EventCountry "SLO"]
[SourceTitle "EXT 2019"]
[Source "ChessBase"]
[SourceDate "2018.10.10"]
[SourceVersion "1"]
[SourceVersionDate "2018.10.10"]
[SourceQuality "1"]
[WhiteTeam "Maribor ZSK III"]
[BlackTeam "Fuzinar Hapro"]
[WhiteTeamCountry "SLO"]
[BlackTeamCountry "SLO"]

1. e4 c5 2. Nc3 Nc6 3. g3 Nf6 4. Bg2 h6 5. d3 e6 6. Be3 d5 7. exd5 exd5 8. Bd2 a6 9. Nge2 Be6 10. 0-0 Bd6 11. Nf4 Bxf4 12. Bxf4 b5 13. Ne2 Rc8 14. Bd2 0-0 15. Nf4 Kh7 16. Re1 Re8 17. Bc3 b4 18. Bxf6 Qxf6 19. Nxd5 Qxb2 20. Nb6 Rc7 21. Nd5 Rcc8 22. Nb6 Rc7 23. Nd5 Rcc8 24. Nb6 1/2-1/2

[Event "SLO-chT2 East"]
[Site "Slovenia"]
[Date "2015.11.07"]
[Round "7"]
[White "Pleic, Jure"]
[Black "Maklin, Joze"]
[Result "1/2-1/2"]
[WhiteElo "1385"]
[BlackElo "1713"]
[PlyCount "35"]
[EventDate "2015.09.05"]
[EventType "team-tourn"]
[EventRounds "9"]
[EventCountry "SLO"]
[SourceTitle "EXT 2019"]
[Source "ChessBase"]
[SourceDate "2018.10.10"]
[SourceVersion "1"]
[SourceVersionDate "2018.10.10"]
[SourceQuality "1"]
[WhiteTeam "Malecnik"]
[BlackTeam "Fuzinar Hapro"]
[WhiteTeamCountry "SLO"]
[BlackTeamCountry "SLO"]

1. e4 e5 2. Nf3 d6 3. Be2 h6 4. 0-0 Nc6 5. c3 Nf6 6. d3 Be7 7. Qc2 0-0 8. a3 a6 9. d4 exd4 10. cxd4 Bg4 11. d5 Bxf3 12. Bxf3 Ne5 13. Qe2 Kh8 14. Kh1 Kg8 15. Kg1 Kh8 16. Kh1 Kg8 17. Kg1 Kh8 18. Kh1 1/2-1/2

[Event "SLO-chT2 East"]
[Site "Slovenia"]
[Date "2015.10.10"]
[Round "4"]
[White "Kukovec, Darko"]
[Black "Maklin, Joze"]
[Result "1-0"]
[WhiteElo "1771"]
[BlackElo "1713"]
[PlyCount "68"]
[EventDate "2015.09.05"]
[EventType "team-tourn"]
[EventRounds "9"]
[EventCountry "SLO"]
[SourceTitle "EXT 2019"]
[Source "ChessBase"]
[SourceDate "2018.10.10"]
[SourceVersion "1"]
[SourceVersionDate "2018.10.10"]
[SourceQuality "1"]
[WhiteTeam "Fram"]
[BlackTeam "Fuzinar Hapro"]
[WhiteTeamCountry "SLO"]
[BlackTeamCountry "SLO"]

1. e4 c5 2. Nc3 Nc6 3. a3 Nf6 4. Nf3 d6 5. h3 e5 6. Bc4 a6 7. Ng5 Be6 8. Nxe6 fxe6 9. Bxe6 Nd4 10. Bd5 Qd7 11. d3 0-0-0 12. b4 Nxd5 13. Nxd5 Kb8 14. c3 Nc6 15. Rb1 Be7 16. b5 axb5 17. Rxb5 Rhe8 18. Be3 Nb4 19. a4 Nxd5 20. exd5 Kc7 21. Qb1 Rb8 22. 0-0 g5 23. d4 exd4 24. cxd4 b6 25. Qxh7 Rh8 26. Qe4 Rh4 27. Qg6 g4 28. hxg4 Rxg4 29. Qe6 Qxe6 30. dxe6 cxd4 31. Rc1+ Kd8 32. f3 Rg6 33. Bxd4 Rxe6 34. Bxb6+ Ke8 1-0